| 000 | 00385nam a2200133 a 4500 | ||
|---|---|---|---|
| 001 | 4140 | ||
| 005 | 20140414131846.0 | ||
| 008 | 090218s19uu xx 00 eng d | ||
| 050 |
_aM 220.9 _bL33 1998 |
||
| 100 | _aLashbrook, Marilyn | ||
| 245 |
_aBig enemy, bigger God! : _bthe story of Gideon. |
||
| 260 |
_aEl Reno, Oklahoma : _bRainbow Studies International, _c1998. |
||
| 999 |
_c109945 _d109945 |
||